Normal view MARC view
  • INDUSTRIAL PRODUCTIVITY.TECHNOLOGY INNOVATIONS.ECONOMIC DEVELOPMENT

Entry Topical Term

Number of records used in: 1

001 - CONTROL NUMBER

  • control field: 66007

003 - CONTROL NUMBER IDENTIFIER

  • control field: NUST

005 - DATE AND TIME OF LATEST TRANSACTION

  • control field: 20210628203525.0

008 - FIXED-LENGTH DATA ELEMENTS

  • fixed length control field: 210628|| aca||aabn | a|a d

040 ## - CATALOGING SOURCE

  • Original cataloging agency: NUST
  • Transcribing agency: NUST

150 ## - HEADING--TOPICAL TERM

  • Topical term or geographic name entry element: INDUSTRIAL PRODUCTIVITY.TECHNOLOGY INNOVATIONS.ECONOMIC DEVELOPMENT

670 ## - SOURCE DATA FOUND

  • Source citation: Work cat.: (NUST): Ark, Bart Van, Kuipers, Simon K, Kuper,Gerard H 66006, Productivity, technology and economics growth, 2000
© 2023 Central Library, National University of Sciences and Technology. All Rights Reserved.